| 000 | 01283cad a22002535a 4500 | ||
|---|---|---|---|
| 001 | E147702 | ||
| 008 | 090605s2009 xxk f s000 0 eng d | ||
| 020 | _a9780755975563 | ||
| 035 | _a(Sirsi) u147702 | ||
| 041 | 0 | _aeng | |
| 050 | 0 | 4 | _a306.026 $2 18 |
| 100 | 2 | _aScott, John | |
| 245 | 0 | 0 |
_aInvesting in affordable housing, a consultation _ban analysis of responses _h[electronic resource] |
| 260 |
_aEdinburgh _bScottish Government Social Research _c2009 |
||
| 505 | 2 | _aExecutive summary -- Introduction -- Overview of responses -- Background and economic situation -- a more strategic approach -- Lead developers -- Development consortia -- Proposed competitive mechanisms -- Implementation | |
| 520 | _aAnalyses the responses to a consultation on proposals for changes to the method of allocating subsidy in Scotland through a network of Lead Developers. See E146099 for the original consultation and E147335 for the RICS response. | ||
| 521 | _aAdvanced | ||
| 590 | _aKA | ||
| 651 | 4 |
_aScotland _y1999- |
|
| 690 | _aPROPERTY-RESIDENTIAL PROPERTY-DOMESTIC RESIDENTIAL PROPERTY-HOUSING | ||
| 700 | 1 | _aReid, Steven | |
| 856 | 4 | 0 |
_uhttps://www.scotland.gov.uk/Publications/2009/06/04132312/0 _zView the consultation free of charge at www.scotland.gov.uk... |
| 942 | _n0 | ||
| 999 |
_c109691 _d109691 |
||